| 000 | 00000nam 2200000zi 4500 |
| 001 | 9.927862 |
| 003 | CaOODSP |
| 005 | 20240131134333 |
| 006 | m o d f |
| 007 | cr mn||||||||| |
| 008 | 230927t20232023qucda ob f000 0 fre d |
| 020 | |a9780660681047 |
| 040 | |aCaOODSP|bfre|erda|cCaOODSP |
| 043 | |an-cn--- |
| 086 | 1 |aIu54-125/2023F-PDF |
| 245 | 03|aLa concurrence au Canada de 2000 à 2020 : |bune économie à la croisée des chemins. |
| 264 | 1|aGatineau (Québec) : |bBureau de la concurrence Canada = Competition Bureau Canada, |c2023. |
| 264 | 4|c©2023 |
| 300 | |a1 ressource en ligne (64 pages) : |bgraphiques, illustrations |
| 336 | |atexte|btxt|2rdacontent/fre |
| 337 | |ainformatique|bc|2rdamedia/fre |
| 338 | |aressource en ligne|bcr|2rdacarrier/fre |
| 500 | |aPublié aussi en anglais sous le titre : Competition in Canada from 2000 to 2020: an economy at a crossroads. |
| 504 | |aComprend des références bibliographiques. |
| 650 | 6|aConcurrence|zCanada. |
| 650 | 6|aConcurrence|xPolitique gouvernementale|zCanada. |
| 710 | 1 |aCanada. |bBureau de la concurrence, |eorganisme de publication. |
| 775 | 08|tCompetition in Canada from 2000 to 2020 : |w(CaOODSP)9.927861 |
| 856 | 40|qPDF|s3.45 Mo|uhttps://publications.gc.ca/collections/collection_2024/isde-ised/Iu54-125-2023-fra.pdf |
| 856 | 4 |qHTML|sS.O.|uhttps://ised-isde.canada.ca/site/bureau-concurrence-canada/fr/comment-nous-favorisons-concurrence/education-sensibilisation/concurrence-canada-2000-2020-economie-croisee-chemins |